header

Leadership for turbulent times (Record no. 145044)

MARC details
000 -LEADER
fixed length control field 01165nam a2200313Ia 4500
082 04 - DEWEY DECIMAL CLASSIFICATION NUMBER
Classification number 658.4/092
100 1# - MAIN ENTRY--AUTHOR NAME
Personal name Sayles, Leonard R.
245 10 - TITLE STATEMENT
Title Leadership for turbulent times
260 ## - PUBLICATION, DISTRIBUTION, ETC. (IMPRINT)
Place of publication Greensboro, N.C. :
Name of publisher Center for Creative Leadership,
Year of publication c1995.
300 ## - PHYSICAL DESCRIPTION
Number of Pages ix, 45 p.
500 ## - GENERAL NOTE
General note "CCL No. 325"--T.p. verso.
650 #0 - SUBJECT ADDED ENTRY--TOPICAL TERM
Topical Term Leadership.
Topical Term Management.
856 40 - ELECTRONIC LOCATION AND ACCESS
Uniform Resource Identifier http://site.ebrary.com/lib/rucke/Doc?id=10185425

No items available.

© 2026 Rongo University
Contact us: librarian | system librarian | Rongo university